[Event "Cappelle-la-Grande 2014"]
[Site "Cappelle-la-Grande (FRA)"]
[Date "????.??.??"]
[Round "5.24"]
[White "Dumas, Victor"]
[Black "Timoshenko, Georgy"]
[Result "1/2-1/2"]
[WhiteElo "2077"]
[BlackElo "2531"]
[PlyCount "46"]

1. e4 e6 2. d4 d5 3. exd5 exd5 4. Bd3 Nc6 5. c3 Bd6 6. Nf3 Bg4 7. O-O Qd7 8.
Nbd2 O-O-O 9. Re1 Nge7 10. Nf1 f6 11. b4 g5 12. Ne3 Bh5 13. a4 a5 14. b5 Nb8
15. Qc2 Bxf3 16. gxf3 Rde8 17. Bd2 Qh3 18. Bf5+ Nxf5 19. Qxf5+ Qxf5 20. Nxf5
Kd7 21. c4 dxc4 22. Bxa5 Bf4 23. Re4 Rxe4 1/2-1/2

[Event "Cappelle-la-Grande 2014"]
[Site "Cappelle-la-Grande (FRA)"]
[Date "????.??.??"]
[Round "5.25"]
[White "Kveinys, Aloyzas"]
[Black "Wozniak, Mariola"]
[Result "1-0"]
[WhiteElo "2530"]
[BlackElo "2099"]
[PlyCount "61"]

1. c4 e5 2. Nc3 Nc6 3. g3 g6 4. Bg2 Bg7 5. d3 d6 6. Rb1 a5 7. a3 Nf6 8. b4 axb4
9. axb4 O-O 10. e3 Bg4 11. Nge2 Qd7 12. h3 Be6 13. Bd2 Ne8 14. Qc2 f5 15. b5
Nd8 16. Nd5 Nf6 17. Nec3 Nf7 18. Nxf6+ Bxf6 19. Bxb7 f4 20. Bc6 Qc8 21. Ne4 Ng5
22. Nxf6+ Rxf6 23. exf4 Nxh3 24. Qb2 g5 25. Rxh3 Bxh3 26. fxe5 Rf5 27. Bd5+ Kf8
28. exd6 Rxd5 29. Qh8+ Kf7 30. Qxh7+ Kf8 31. dxc7 1-0

[Event "Cappelle-la-Grande 2014"]
[Site "Cappelle-la-Grande (FRA)"]
[Date "????.??.??"]
[Round "5.26"]
[White "Burille, Matthieu"]
[Black "Jovanic, Ognjen"]
[Result "0-1"]
[WhiteElo "2051"]
[BlackElo "2526"]
[PlyCount "72"]

1. d4 Nf6 2. Nf3 d5 3. c4 dxc4 4. e3 e6 5. Bxc4 a6 6. O-O Nbd7 7. Nc3 b5 8. Bd3
Bb7 9. Bd2 c5 10. Rc1 Bd6 11. Ng5 Qb8 12. h3 O-O 13. Nce4 cxd4 14. exd4 Bh2+
15. Kh1 h6 16. Nxf6+ Nxf6 17. Nf3 Bf4 18. Bxf4 Qxf4 19. Qd2 Qxd2 20. Nxd2 Rad8
21. Nb3 Bd5 22. Nc5 Rd6 23. a4 bxa4 24. Nxa4 Rb8 25. Nc5 Rxb2 26. Rb1 Rdb6 27.
Rxb2 Rxb2 28. Kg1 a5 29. Ra1 Ba2 30. Kf1 Nd5 31. Ke1 Nb4 32. Rc1 g6 33. Be4 Bd5
34. Na4 Ra2 35. Nc3 Bxe4 36. Nxa2 Nd3+ 0-1

[Event "Cappelle-la-Grande 2014"]
[Site "Cappelle-la-Grande (FRA)"]
[Date "????.??.??"]
[Round "5.27"]
[White "De Seroux, Camille"]
[Black "Maiorov, Nikita"]
[Result "0-1"]
[WhiteElo "2038"]
[BlackElo "2520"]
[PlyCount "74"]

1. e4 e5 2. Nf3 Nc6 3. d4 exd4 4. Nxd4 Bc5 5. Nb3 Bb6 6. Nc3 Nge7 7. Qe2 O-O 8.
Be3 d6 9. O-O-O Be6 10. f4 Qe8 11. Bxb6 axb6 12. f5 Bxb3 13. cxb3 Ne5 14. Kb1
c6 15. Rxd6 b5 16. Qd2 Nc8 17. Rd4 Qe7 18. Qf4 b4 19. Ne2 b5 20. Nc1 Nb6 21.
Rd2 Ra5 22. Be2 Rfa8 23. Rhd1 h6 24. Rd6 Nd5 25. R6xd5 cxd5 26. Rxd5 f6 27.
Bxb5 Qa7 28. Qd2 Qg1 29. Rd8+ Kh7 30. Rxa8 Rxa8 31. Qxb4 Qxg2 32. a4 Rd8 33.
Qc3 Qxe4+ 34. Ka2 Rd1 35. b4 Qd5+ 36. Qb3 Qh1 37. Bc4 Rxc1 0-1

[Event "Cappelle-la-Grande 2014"]
[Site "Cappelle-la-Grande (FRA)"]
[Date "????.??.??"]
[Round "5.28"]
[White "Bier, Armin"]
[Black "Papin, Vasily"]
[Result "0-1"]
[WhiteElo "1946"]
[BlackElo "2515"]
[PlyCount "54"]

1. d4 Nf6 2. c4 e6 3. Nc3 Bb4 4. a3 Bxc3+ 5. bxc3 c5 6. f3 Nc6 7. e4 d6 8. Be3
Qa5 9. Qd2 b6 10. Bd3 Ba6 11. a4 cxd4 12. cxd4 Nb4 13. Ke2 d5 14. Rb1 Nxd3 15.
Qxa5 bxa5 16. Kxd3 Bxc4+ 17. Kd2 dxe4 18. Nh3 O-O 19. Rhc1 Rfc8 20. Rb7 h6 21.
Bf4 exf3 22. gxf3 Bd5 23. Rxc8+ Rxc8 24. Rxa7 Rc4 25. Rxa5 Rxd4+ 26. Ke3 Rb4
27. Ng1 Bc6 0-1

[Event "Cappelle-la-Grande 2014"]
[Site "Cappelle-la-Grande (FRA)"]
[Date "????.??.??"]
[Round "5.29"]
[White "Shinoda, Taro"]
[Black "Chernyshov, Konstantin"]
[Result "0-1"]
[WhiteElo "1909"]
[BlackElo "2504"]
[PlyCount "90"]

1. d4 e6 2. c4 f5 3. g3 Nf6 4. Bg2 Ne4 5. Nf3 b6 6. Nbd2 Bb7 7. O-O Be7 8. Nxe4
Bxe4 9. Ne1 Bxg2 10. Nxg2 O-O 11. d5 Bd6 12. e4 fxe4 13. dxe6 dxe6 14. Qg4 Qf6
15. Qxe4 Nd7 16. Nf4 Rae8 17. Nd3 Qf7 18. Bd2 Nf6 19. Qe2 e5 20. b3 Qd7 21. c5
bxc5 22. Rac1 Qh3 23. f3 e4 24. Nf2 exf3 25. Qxf3 Qc8 26. Qd3 Kh8 27. Be3 Nd7
28. Ne4 Ne5 29. Qd5 Qh3 30. Ng5 Qh5 31. Bf4 Ng4 32. h4 Nf6 33. Qd3 Qe2 34. Qxe2
Rxe2 35. Rf2 Bxf4 36. gxf4 Re3 37. Kg2 h6 38. Nh3 Rd8 39. Rcc2 Rdd3 40. Ng1
Rg3+ 41. Kh2 Ng4+ 42. Kh1 Rd1 43. Rg2 Rh3+ 44. Rh2 Rxh2+ 45. Rxh2 Nxh2 0-1

[Event "Cappelle-la-Grande 2014"]
[Site "Cappelle-la-Grande (FRA)"]
[Date "????.??.??"]
[Round "5.30"]
[White "Wan, Yunguo"]
[Black "Chalmeton, Guillaume"]
[Result "1-0"]
[WhiteElo "2504"]
[BlackElo "2081"]
[PlyCount "63"]

1. e4 c5 2. Nf3 e6 3. d4 cxd4 4. Nxd4 a6 5. Bd3 Bc5 6. Nb3 Ba7 7. Qe2 Nc6 8.
Be3 d6 9. f4 Qh4+ 10. g3 Qh3 11. Nc3 Nf6 12. O-O-O O-O 13. Kb1 e5 14. f5 Nd4
15. Qd2 d5 16. Nxd5 Nxd5 17. exd5 Nxb3 18. axb3 e4 19. Bxe4 Bxe3 20. Qxe3 Bxf5
21. Bxf5 Qxf5 22. Rd2 a5 23. Rhd1 a4 24. b4 Rfe8 25. Qd3 Qg4 26. Qb5 Red8 27.
Ka2 h5 28. Re1 Qg5 29. Rd3 b6 30. Qxb6 Rxd5 31. Qc6 Rdd8 32. h4 1-0

[Event "Cappelle-la-Grande 2014"]
[Site "Cappelle-la-Grande (FRA)"]
[Date "????.??.??"]
[Round "5.31"]
[White "Vekemans, Sylvain"]
[Black "Manolache, Marius"]
[Result "0-1"]
[WhiteElo "1867"]
[BlackElo "2495"]
[PlyCount "52"]

1. c4 Nf6 2. Nc3 d6 3. g3 g6 4. Bg2 Bg7 5. e4 Nc6 6. d3 a6 7. Nge2 Rb8 8. O-O
b5 9. cxb5 axb5 10. Nxb5 Rxb5 11. Qa4 Rb6 12. e5 Bd7 13. exf6 Bxf6 14. Nc3 Nd4
15. Qd1 c6 16. Ne4 Bg7 17. Bg5 O-O 18. Qd2 Rxb2 19. Qxb2 Nf3+ 20. Bxf3 Bxb2 21.
Rab1 Bd4 22. Nxd6 Bh3 23. Nb7 Qa8 24. Bg2 Bxg2 25. Kxg2 Rb8 26. Rb4 c5 0-1

[Event "Cappelle-la-Grande 2014"]
[Site "Cappelle-la-Grande (FRA)"]
[Date "????.??.??"]
[Round "5.32"]
[White "Chabanon, Jean-Luc"]
[Black "Gauthier, Cyrille"]
[Result "1-0"]
[WhiteElo "2479"]
[BlackElo "1922"]
[PlyCount "81"]

1. d4 d5 2. c4 c6 3. Nf3 Nf6 4. e3 a6 5. Bd3 b5 6. b3 Bg4 7. Nbd2 Nbd7 8. Qc2
e6 9. O-O Bd6 10. Bb2 Qc7 11. Rac1 Rc8 12. cxd5 cxd5 13. Qxc7 Rxc7 14. Rxc7
Bxc7 15. Rc1 Kd8 16. a4 bxa4 17. bxa4 a5 18. Ba3 e5 19. dxe5 Nxe5 20. Nxe5 Bxe5
21. Nb3 Bc7 22. Nc5 Bc8 23. Bb5 Bb6 24. Bc6 Kc7 25. Nb3 Kb8 26. Bd6+ Ka7 27.
Nd4 Bb7 28. Nb5+ Ka6 29. Bc7 Ba8 30. Bxa8 Rxa8 31. Rc6 Nd7 32. Rd6 Rc8 33. Rxd7
Bxc7 34. Rxc7 Rxc7 35. Nxc7+ Kb6 36. Nxd5+ Kc5 37. e4 f5 38. f3 fxe4 39. fxe4
Kd4 40. Ne7 Kxe4 41. Nc6 1-0

[Event "Cappelle-la-Grande 2014"]
[Site "Cappelle-la-Grande (FRA)"]
[Date "????.??.??"]
[Round "5.33"]
[White "Mannion, Stephen R"]
[Black "Danin, Alexandre"]
[Result "0-1"]
[WhiteElo "2365"]
[BlackElo "2606"]
[PlyCount "162"]

1. e4 c6 2. d4 d5 3. f3 g6 4. Nc3 Bg7 5. Be3 Qb6 6. Rb1 dxe4 7. fxe4 Nf6 8. Nf3
O-O 9. Be2 Bg4 10. Qd2 Nbd7 11. e5 Ne8 12. Ng5 Bxe2 13. Qxe2 h6 14. Nf3 Nc7 15.
O-O Qa6 16. Qf2 Nd5 17. Nxd5 cxd5 18. a3 f6 19. Qd2 Kh7 20. exf6 exf6 21. Bf4
Rae8 22. Rbe1 Re4 23. c3 Rfe8 24. Qc1 f5 25. Nd2 Re2 26. Rxe2 Qxe2 27. Bg3 Qb5
28. Re1 Rxe1+ 29. Bxe1 Nf6 30. Nf3 a5 31. Qc2 a4 32. Bg3 Ne4 33. Be5 Bf8 34.
Ne1 Qc4 35. h3 Be7 36. Nd3 b5 37. g4 Qc8 38. Qg2 Bg5 39. Kh2 fxg4 40. Qxg4 Qxg4
41. hxg4 h5 42. gxh5 gxh5 43. Nb4 Kg6 44. Nxd5 Bc1 45. Nc7 Bxb2 46. Nxb5 Nxc3
47. d5 Nxb5 48. Bxb2 Kf5 49. Kh3 Ke4 50. Kh4 Kxd5 51. Kxh5 Kc4 52. Kg4 Kb3 53.
Bc1 Nxa3 54. Bh6 Nc2 55. Bf8 Nb4 56. Kf3 a3 57. Ke3 Kc3 58. Ke2 Kc2 59. Be7 a2
60. Bf6 Nd5 61. Ba1 Nc3+ 62. Ke3 Na4 63. Ke2 Nc5 64. Ke1 Nb3 65. Bg7 Nc1 66.
Ba1 Nb3 67. Bg7 Na5 68. Ba1 Nc6 69. Ke2 Ne7 70. Ke1 Nf5 71. Ke2 Nd6 72. Ke1 Nc4
73. Ke2 Nb2 74. Ke1 Kb1 75. Kd2 Nc4+ 76. Kd1 Na5 77. Bg7 Nb3 78. Bc3 Nc5 79.
Ba1 Na4 80. Kd2 Nb2 81. Kc3 Kxa1 0-1

[Event "Cappelle-la-Grande 2014"]
[Site "Cappelle-la-Grande (FRA)"]
[Date "????.??.??"]
[Round "5.34"]
[White "Pogorelov, Ruslan"]
[Black "Azarov, Sergei"]
[Result "0-1"]
[WhiteElo "2364"]
[BlackElo "2603"]
[PlyCount "72"]

1. Nf3 d5 2. d4 Nf6 3. c4 dxc4 4. e3 b5 5. a4 b4 6. Bxc4 e6 7. O-O Bb7 8. Nbd2
Be7 9. Qe2 O-O 10. e4 c5 11. dxc5 Nbd7 12. e5 Nd5 13. Ne4 Nxc5 14. Nxc5 Bxc5
15. Ng5 Be7 16. Qg4 Rc8 17. h4 h6 18. Nf3 h5 19. Qe4 Qc7 20. Bd3 Nf6 21. Qf4
Ng4 22. Be4 Bxe4 23. Qxe4 Qc2 24. Qe1 b3 25. g3 Qd3 26. Nh2 Bb4 27. Qd1 Nxf2
28. Qxd3 Nxd3 29. Be3 a5 30. Nf3 Rc2 31. Rab1 Rd8 32. Rfd1 Rd5 33. Bd4 Nxb2 34.
Bxb2 Rxd1+ 35. Rxd1 Rxb2 36. Rd7 Rc2 0-1

[Event "Cappelle-la-Grande 2014"]
[Site "Cappelle-la-Grande (FRA)"]
[Date "????.??.??"]
[Round "5.35"]
[White "Kravtsiv, Martyn"]
[Black "Solomon, Kenny"]
[Result "1-0"]
[WhiteElo "2601"]
[BlackElo "2350"]
[PlyCount "73"]

1. e4 e5 2. Nf3 Nc6 3. Bb5 a6 4. Ba4 Nf6 5. O-O Be7 6. Re1 b5 7. Bb3 d6 8. c3
O-O 9. h3 Bb7 10. d4 Nd7 11. Nbd2 Bf6 12. Nf1 exd4 13. cxd4 Re8 14. Ng3 g6 15.
Bh6 Na5 16. Bc2 c5 17. e5 dxe5 18. dxc5 Rc8 19. b4 Bxf3 20. Qxf3 Nc6 21. Ne4
Nd4 22. Qd1 Be7 23. a4 Nb8 24. axb5 axb5 25. Bd3 Nbc6 26. Rb1 Rb8 27. Nc3 f5
28. Nxb5 Nxb5 29. Qb3+ Kh8 30. Bxb5 Rxb5 31. Rbd1 Qc7 32. Qe6 Rb7 33. b5 Nd8
34. Qxe5+ Qxe5 35. Rxe5 Rxb5 36. Rxe7 Rg8 37. Rdd7 1-0

[Event "Cappelle-la-Grande 2014"]
[Site "Cappelle-la-Grande (FRA)"]
[Date "????.??.??"]
[Round "5.36"]
[White "Vul, Arkadi Eremeevich"]
[Black "Eingorn, Vereslav S"]
[Result "1/2-1/2"]
[WhiteElo "2346"]
[BlackElo "2556"]
[PlyCount "43"]

1. Nf3 b6 2. c4 Bb7 3. Nc3 c5 4. d4 cxd4 5. Nxd4 Nf6 6. f3 d6 7. e4 e6 8. Be3
Be7 9. Be2 O-O 10. O-O a6 11. Qd2 Qc7 12. Rac1 Nbd7 13. Rfd1 Rac8 14. Bf1 Qb8
15. a3 Rfe8 16. b4 Bd8 17. h3 Bc7 18. Nb3 Nh5 19. Ne2 Nhf6 20. Nc3 Nh5 21. Ne2
Nhf6 22. Nc3 1/2-1/2

[Event "Cappelle-la-Grande 2014"]
[Site "Cappelle-la-Grande (FRA)"]
[Date "????.??.??"]
[Round "5.37"]
[White "Daulyte, Deimante"]
[Black "Djukic, Nikola"]
[Result "1/2-1/2"]
[WhiteElo "2357"]
[BlackElo "2551"]
[PlyCount "138"]

1. e4 c5 2. Nf3 Nc6 3. d4 cxd4 4. Nxd4 Qc7 5. Nc3 e6 6. Be2 a6 7. O-O Nf6 8.
Kh1 Be7 9. f4 d6 10. Nxc6 bxc6 11. Qd3 O-O 12. b3 a5 13. Qg3 Ba6 14. Bxa6 Rxa6
15. f5 Kh8 16. fxe6 fxe6 17. e5 dxe5 18. Bg5 Raa8 19. Qh3 Bb4 20. Bh4 Rf7 21.
Ne2 Re8 22. a3 Bf8 23. Nc3 Bc5 24. Bxf6 gxf6 25. Ne4 Qe7 26. Qc3 Bd4 27. Qxc6
Bxa1 28. Nd6 Bb2 29. Qxe8+ Qxe8 30. Nxe8 f5 31. Nd6 Rd7 32. Nc4 Bc3 33. g3 e4
34. g4 fxg4 35. Rf4 h5 36. Rxe4 Rd1+ 37. Kg2 Rc1 38. Rxe6 Rxc2+ 39. Kg3 Kh7 40.
h3 a4 41. bxa4 Bd4 42. hxg4 Rxc4 43. gxh5 Rxa4 44. Kg4 Bb2+ 45. Kf3 Rxa3+ 46.
Re3 Ra5 47. Kg4 Bf6 48. Re6 Kg7 49. h6+ Kg6 50. h7 Rg5+ 51. Kf4 Rh5 52. Rc6
Rxh7 53. Ra6 Rh4+ 54. Kg3 Rb4 55. Ra5 Bd4 56. Rd5 Kf6 57. Kf3 Be5 58. Rd8 Kf5
59. Rf8+ Bf6 60. Re8 Rh4 61. Rg8 Rf4+ 62. Ke3 Rc4 63. Ra8 Rc3+ 64. Kf2 Ke4 65.
Ra2 Bd4+ 66. Kg2 Kf4 67. Re2 Rg3+ 68. Kh1 Kf3 69. Rg2 Rxg2 1/2-1/2

[Event "Cappelle-la-Grande 2014"]
[Site "Cappelle-la-Grande (FRA)"]
[Date "????.??.??"]
[Round "5.38"]
[White "Szabo, Gergely-Andras-Gyul"]
[Black "Soltanici, Ruslan"]
[Result "1-0"]
[WhiteElo "2551"]
[BlackElo "2344"]
[PlyCount "55"]

1. c4 Nf6 2. Nc3 e5 3. g3 Nc6 4. Bg2 g6 5. Nf3 Bg7 6. d4 d6 7. dxe5 Nxe5 8.
Nxe5 dxe5 9. Bg5 Qxd1+ 10. Rxd1 O-O 11. Nb5 c6 12. Nd6 h6 13. Be3 Ng4 14. Bc5
f5 15. e4 b6 16. Ba3 Be6 17. h3 Nf6 18. exf5 gxf5 19. Bxc6 Rab8 20. O-O Rfd8
21. Rfe1 e4 22. f3 Bf8 23. fxe4 Bxd6 24. Bxd6 Rbc8 25. Bb7 Rxc4 26. exf5 Bxf5
27. Rf1 Be4 28. Ba6 1-0

[Event "Cappelle-la-Grande 2014"]
[Site "Cappelle-la-Grande (FRA)"]
[Date "????.??.??"]
[Round "5.39"]
[White "Hovhanisian, Mher"]
[Black "Doluhanova, Evgeniya"]
[Result "1-0"]
[WhiteElo "2526"]
[BlackElo "2331"]
[PlyCount "89"]

1. Nf3 Nf6 2. c4 e6 3. Nc3 d5 4. e3 Be7 5. b3 O-O 6. Bb2 c5 7. cxd5 Nxd5 8. Be2
Bf6 9. O-O Nxc3 10. Bxc3 Bxc3 11. dxc3 Qe7 12. Ne5 Rd8 13. Qc2 Nd7 14. Nc4 Nb6
15. Rfd1 Nxc4 16. Rxd8+ Qxd8 17. Bxc4 Bd7 18. Rd1 Qc7 19. Bd3 g6 20. Be4 Bc6
21. Bxc6 Qxc6 22. c4 Qc7 23. Qd3 Rc8 24. g4 Qe7 25. Kg2 Rc7 26. Kg3 Kg7 27. f4
h6 28. h4 f6 29. Kf3 Qe8 30. Qd6 Qe7 31. h5 Qxd6 32. Rxd6 gxh5 33. Rxe6 Kf7 34.
Rd6 hxg4+ 35. Kxg4 Ke7 36. Rd5 Kf7 37. Kf5 Kg7 38. Rd2 Rf7 39. Rh2 a6 40. e4 b5
41. Ke6 Rf8 42. Rg2+ Kh7 43. Ke7 Rc8 44. Kxf6 Re8 45. Kf5 1-0

[Event "Cappelle-la-Grande 2014"]
[Site "Cappelle-la-Grande (FRA)"]
[Date "????.??.??"]
[Round "5.40"]
[White "Nasuta, Grzegorz"]
[Black "Rombaldoni, Axel"]
[Result "0-1"]
[WhiteElo "2344"]
[BlackElo "2518"]
[PlyCount "84"]

1. e4 e6 2. d4 d5 3. Nc3 h6 4. Bd3 Nf6 5. e5 Nfd7 6. Nf3 c5 7. dxc5 Nc6 8. Qe2
Nxc5 9. Bf4 g5 10. Bg3 g4 11. Nd2 Nxd3+ 12. cxd3 Nd4 13. Qd1 Qb6 14. Nb3 Bd7
15. Bf4 Nf5 16. h3 g3 17. fxg3 a5 18. g4 Nh4 19. Qe2 a4 20. Nc1 a3 21. bxa3 Qd4
22. Bd2 Bg7 23. Nb3 Qxe5 24. Qxe5 Bxe5 25. O-O Bg7 26. d4 Rxa3 27. Rad1 O-O 28.
Be1 Ng6 29. Bg3 Rc8 30. Rf3 Ba4 31. Nxa4 Rxa4 32. Rd2 Rca8 33. Rc2 Rc4 34. Rd2
b6 35. Bd6 Rc6 36. Bg3 Rac8 37. a4 Ra8 38. Rdf2 Nh8 39. Ra2 Rc4 40. Bf2 Rcxa4
41. Rxa4 Rxa4 42. Rc3 Rc4 0-1

[Event "Cappelle-la-Grande 2014"]
[Site "Cappelle-la-Grande (FRA)"]
[Date "????.??.??"]
[Round "5.41"]
[White "Massoni, Michael"]
[Black "Lagarde, Maxime"]
[Result "0-1"]
[WhiteElo "2341"]
[BlackElo "2514"]
[PlyCount "78"]

1. e4 c5 2. Nf3 d6 3. d4 cxd4 4. Nxd4 Nf6 5. Nc3 Nc6 6. Be2 e6 7. O-O Be7 8.
Be3 O-O 9. f4 Bd7 10. Qe1 Nxd4 11. Bxd4 Bc6 12. Bd3 e5 13. fxe5 Ng4 14. e6 fxe6
15. Qg3 Ne5 16. Bxe5 dxe5 17. Qxe5 Qd6 18. Qxd6 Bxd6 19. g3 Be5 20. Rxf8+ Kxf8
21. Kf2 Ke7 22. Ke2 a6 23. Rf1 h5 24. Rf2 h4 25. g4 h3 26. Nd1 Rh8 27. c3 Rh4
28. Kf3 Kf6 29. Rd2 Kg5 30. Nf2 Bxh2 31. Bc4 Bf4 32. Rd1 e5 33. Bd5 Bd7 34.
Bxb7 Bxg4+ 35. Nxg4 Rxg4 36. Bc8 Rg3+ 37. Kf2 Kh4 38. c4 h2 39. Rh1 Rg1 0-1

[Event "Cappelle-la-Grande 2014"]
[Site "Cappelle-la-Grande (FRA)"]
[Date "????.??.??"]
[Round "5.42"]
[White "Kurajica, Bojan"]
[Black "Admiraal, Miguoel"]
[Result "1/2-1/2"]
[WhiteElo "2505"]
[BlackElo "2317"]
[PlyCount "62"]

1. d4 Nf6 2. Nf3 g6 3. g3 Bg7 4. Bg2 O-O 5. O-O d5 6. Ne5 c6 7. c4 Ne4 8. Qc2
Bf5 9. Qb3 Nd7 10. Nf3 Qb6 11. Nc3 dxc4 12. Qxc4 Nd6 13. Qa4 e5 14. d5 Nc5 15.
Qd1 Rad8 16. Bg5 f6 17. Be3 Nc4 18. Bxc5 Qxc5 19. e4 Be6 20. Qe2 cxd5 21. exd5
Bf7 22. Rac1 Nb6 23. Rfd1 Qe7 24. Nd4 f5 25. g4 Qf6 26. Ne6 Bxe6 27. dxe6 e4
28. gxf5 gxf5 29. f3 Qxe6 30. fxe4 f4 31. Kh1 Kh8 1/2-1/2

[Event "Cappelle-la-Grande 2014"]
[Site "Cappelle-la-Grande (FRA)"]
[Date "????.??.??"]
[Round "5.43"]
[White "Kostiuk, Tatiana"]
[Black "Stojanovic, Dalibor"]
[Result "0-1"]
[WhiteElo "2333"]
[BlackElo "2501"]
[PlyCount "132"]

1. d4 Nf6 2. Nf3 g6 3. g3 Bg7 4. Bg2 O-O 5. O-O d6 6. c4 Nbd7 7. Nc3 e5 8. dxe5
dxe5 9. Bg5 h6 10. Bxf6 Qxf6 11. Nd5 Qd8 12. Qc2 c6 13. Nc3 f5 14. e4 f4 15.
Rfd1 Qe7 16. Qd2 Nb6 17. Nh4 Nxc4 18. Nxg6 Qf7 19. Qe2 Qxg6 20. Qxc4+ Be6 21.
Qb4 Rf7 22. Rd3 Qf6 23. gxf4 exf4 24. Qc5 Qe5 25. Qxe5 Bxe5 26. Rad1 Raf8 27.
Bf3 Rg7+ 28. Kh1 Kf7 29. b3 Kf6 30. Ne2 Rff7 31. Bh5 Rd7 32. Rxd7 Bxd7 33. Rd3
c5 34. Bf3 Bc6 35. Rd2 b5 36. Rc2 c4 37. bxc4 bxc4 38. Ng1 c3 39. Ne2 Rc7 40.
Kg2 Bd7 41. Nc1 Ba4 42. Nb3 Rg7+ 43. Kf1 Bb5+ 44. Be2 Bd7 45. Bf3 Bh3+ 46. Ke2
Bd7 47. Kf1 a6 48. Nc1 Bb5+ 49. Ne2 Ba4 50. Rxc3 Bxc3 51. Nxc3 Bb5+ 52. Nxb5
axb5 53. Be2 b4 54. Bd1 Ke5 55. Ke2 Kxe4 56. Bc2+ Ke5 57. Kf3 h5 58. Bb3 Rc7
59. Kg2 Rc3 60. Bf7 h4 61. f3 Rc2+ 62. Kh3 Rf2 63. Kxh4 Rxf3 64. Kg4 Rc3 65. h4
Rg3+ 66. Kh5 f3 0-1

[Event "Cappelle-la-Grande 2014"]
[Site "Cappelle-la-Grande (FRA)"]
[Date "????.??.??"]
[Round "5.44"]
[White "Justo, Damian"]
[Black "Andreev, Eduard"]
[Result "0-1"]
[WhiteElo "2315"]
[BlackElo "2499"]
[PlyCount "98"]

1. d4 Nf6 2. c4 e6 3. g3 c5 4. d5 exd5 5. cxd5 d6 6. Nc3 g6 7. Bg2 Bg7 8. Nf3
O-O 9. O-O Re8 10. Nd2 a6 11. a4 Nbd7 12. h3 Rb8 13. Nc4 Ne5 14. Na3 Nh5 15. e4
Bd7 16. a5 b5 17. axb6 Bb5 18. Ncxb5 axb5 19. Nxb5 Qxb6 20. Na3 Qb3 21. g4 Nf6
22. Qxb3 Rxb3 23. g5 Nh5 24. f4 Nd3 25. Nc4 Ng3 26. Nxd6 Bd4+ 27. Kh2 Nxf1+ 28.
Bxf1 Reb8 29. Nc4 Nxc1 30. Rxc1 Be3 31. Nxe3 Rxe3 32. e5 Rxb2+ 33. Kg1 Rg3+ 34.
Kh1 Rf3 35. Bg2 Rff2 36. Be4 Rxf4 37. Re1 c4 38. e6 fxe6 39. dxe6 Kf8 40. e7+
Kxe7 41. Bxg6+ Kf8 42. Bxh7 c3 43. Rc1 Rd2 44. Kg1 Kg7 45. Bc2 Rff2 46. Bb3
Rg2+ 47. Kf1 Rh2 48. Kg1 Rdg2+ 49. Kf1 Rh1+ 0-1

[Event "Cappelle-la-Grande 2014"]
[Site "Cappelle-la-Grande (FRA)"]
[Date "????.??.??"]
[Round "5.45"]
[White "Hasangatin, Ramil"]
[Black "Fuchs, Judith"]
[Result "1-0"]
[WhiteElo "2494"]
[BlackElo "2315"]
[PlyCount "71"]

1. e4 c5 2. Na3 g6 3. c3 Bg7 4. Nf3 Nc6 5. Bb5 Nf6 6. Bxc6 bxc6 7. Qa4 O-O 8.
O-O Qc7 9. Re1 e5 10. d4 cxd4 11. cxd4 exd4 12. Qxd4 d5 13. e5 Ne4 14. Bf4 Be6
15. Rac1 Rfc8 16. Qe3 Qb6 17. Nd4 g5 18. Bg3 h6 19. Nc4 dxc4 20. Qxe4 Bd5 21.
Qe3 Re8 22. Qc3 Rab8 23. Re2 Qb4 24. Qc2 Rbd8 25. Nf5 Be6 26. Nd6 Re7 27. h4
Red7 28. Rce1 Qa5 29. hxg5 hxg5 30. Qc1 Qd5 31. Ne4 g4 32. Bh4 Qxe5 33. Nf6+
Qxf6 34. Bxf6 Bxf6 35. Rxe6 fxe6 36. Qxc4 1-0

[Event "Cappelle-la-Grande 2014"]
[Site "Cappelle-la-Grande (FRA)"]
[Date "????.??.??"]
[Round "5.46"]
[White "Nanjo, Ryosuke"]
[Black "Lalic, Bogdan"]
[Result "0-1"]
[WhiteElo "2307"]
[BlackElo "2491"]
[PlyCount "102"]

1. e4 e5 2. Nf3 Nf6 3. Nxe5 d6 4. Nf3 Nxe4 5. Nc3 Nxc3 6. dxc3 Be7 7. Be3 O-O
8. Bd3 Nd7 9. Qe2 Nc5 10. Bxc5 dxc5 11. O-O-O Bd6 12. Rhe1 g6 13. Kb1 Bg4 14.
h3 Bxf3 15. Qxf3 Rb8 16. h4 Qxh4 17. Re4 Qg5 18. Rh1 h5 19. Reh4 f5 20. a3 c6
21. Be2 Kg7 22. Qd3 Rbd8 23. g3 Be7 24. Qc4 Qd2 25. R4h2 b5 26. Qe6 Qd6 27. Qe3
Bf6 28. Bf3 Rfe8 29. Qc1 b4 30. axb4 cxb4 31. Rd1 Qc5 32. cxb4 Qxb4 33. c3 Rxd1
34. cxb4 Rxc1+ 35. Kxc1 Rb8 36. Kc2 Rxb4 37. b3 c5 38. Bd5 a5 39. Rh1 f4 40.
gxf4 Rxf4 41. f3 Rd4 42. Be4 c4 43. Rb1 c3 44. Bd3 Rh4 45. Be4 Rh2+ 46. Kd3 h4
47. Ra1 Rd2+ 48. Ke3 h3 49. Rxa5 Bd4+ 50. Kf4 h2 51. Ra1 c2 0-1

[Event "Cappelle-la-Grande 2014"]
[Site "Cappelle-la-Grande (FRA)"]
[Date "????.??.??"]
[Round "5.47"]
[White "Klinova, Masha"]
[Black "Castellanos Rodrigue, Renier"]
[Result "1/2-1/2"]
[WhiteElo "2302"]
[BlackElo "2488"]
[PlyCount "101"]

1. e4 c5 2. Nc3 e6 3. g3 Nc6 4. Bg2 g6 5. d3 Bg7 6. f4 d6 7. Nf3 Nge7 8. O-O
O-O 9. g4 f5 10. gxf5 exf5 11. Nd5 Kh8 12. c4 Rb8 13. a4 a6 14. a5 Nd4 15. Nxd4
Bxd4+ 16. Kh1 Nxd5 17. cxd5 Qf6 18. Ra2 Bd7 19. Qf3 Bb5 20. Re1 Rbe8 21. b3 Bc3
22. Rd1 Qd4 23. Qf2 Qxf2 24. Rxf2 Bd4 25. Rc2 Rf7 26. h3 Rfe7 27. Bb2 Bxb2 28.
Rxb2 fxe4 29. dxe4 Rf8 30. e5 Rxf4 31. exd6 Rd7 32. Rc1 c4 33. bxc4 Rxc4 34.
Rxc4 Bxc4 35. Rc2 Bb5 36. Kh2 Kg7 37. Kg3 Kf6 38. Kf4 Rxd6 39. Ke4 b6 40. axb6
Rxb6 41. Rc7 h5 42. Kd4 Rd6 43. Kc5 Rd7 44. Rc8 Ke5 45. Rg8 Bd3 46. Re8+ Kf4
47. d6 Bb5 48. Bc6 Rg7 49. Bxb5 axb5 50. Kxb5 g5 51. Kc6 1/2-1/2

[Event "Cappelle-la-Grande 2014"]
[Site "Cappelle-la-Grande (FRA)"]
[Date "????.??.??"]
[Round "5.48"]
[White "Wacker, Peter"]
[Black "Naumkin, Igor"]
[Result "1/2-1/2"]
[WhiteElo "2300"]
[BlackElo "2477"]
[PlyCount "121"]

1. e4 e6 2. d4 d5 3. Nd2 c5 4. exd5 Qxd5 5. Ngf3 cxd4 6. Bc4 Qd6 7. O-O Nf6 8.
Nb3 Nc6 9. Nbxd4 Nxd4 10. Qxd4 Bd7 11. Be3 Qxd4 12. Bxd4 Rc8 13. Bb3 Bc5 14.
Rad1 Ke7 15. Ne5 Rhd8 16. Nxd7 Rxd7 17. Bxf6+ gxf6 18. Rxd7+ Kxd7 19. Rd1+ Ke7
20. Kf1 b5 21. Rd3 b4 22. c3 f5 23. Ke2 a5 24. Rh3 Bd6 25. Kd2 Bf4+ 26. Ke2 Rd8
27. cxb4 axb4 28. Rh4 Bg5 29. Rxb4 Rd2+ 30. Kf1 Rxb2 31. Rc4 Bf6 32. Rc2 Rb1+
33. Ke2 Be5 34. h3 h5 35. Ba4 h4 36. Bb3 Bd4 37. Kd3 Bb6 38. Kc4 f4 39. f3 Kd6
40. Rd2+ Ke7 41. Kd3 Be3 42. Rc2 Kd6 43. Rc8 Rg1 44. Rc2 f5 45. Re2 e5 46. Bc2
Rc1 47. Bb3 Ra1 48. Rc2 Rd1+ 49. Ke2 Rd4 50. Bc4 e4 51. a4 Ke5 52. a5 Rd6 53.
a6 Rg6 54. Kf1 Rb6 55. Ra2 Rb1+ 56. Ke2 Ba7 57. Rd2 Rg1 58. Rd5+ Kf6 59. Rd6+
Ke5 60. Rd5+ Kf6 61. Rd6+ 1/2-1/2

[Event "Cappelle-la-Grande 2014"]
[Site "Cappelle-la-Grande (FRA)"]
[Date "????.??.??"]
[Round "5.49"]
[White "Bailet, Pierre"]
[Black "Coenen, Michael"]
[Result "1/2-1/2"]
[WhiteElo "2477"]
[BlackElo "2308"]
[PlyCount "157"]

1. d4 Nf6 2. Nf3 g6 3. c4 Bg7 4. g3 O-O 5. Bg2 d5 6. cxd5 Nxd5 7. O-O Nc6 8.
Nc3 Nb6 9. e3 e5 10. d5 Ne7 11. e4 Bg4 12. h3 Bxf3 13. Qxf3 c6 14. Rd1 cxd5 15.
exd5 Nf5 16. d6 Rb8 17. Qd3 Qd7 18. Ne4 Nd4 19. Be3 Na4 20. Rab1 b6 21. b4 f5
22. Ng5 Nc3 23. Bxd4 exd4 24. Qc4+ Kh8 25. Bc6 Rbc8 26. b5 Nxd1 27. Qb4 Rxc6
28. bxc6 Qxc6 29. Rxd1 Qd5 30. Qb3 Qxb3 31. axb3 h6 32. Ne6 Rf7 33. Rc1 d3 34.
Rd1 Rd7 35. Rxd3 Kg8 36. g4 Be5 37. gxf5 gxf5 38. Rd5 Bxd6 39. Kf1 Kf7 40. Nd4
f4 41. Ne2 Ke8 42. Rh5 f3 43. Nd4 Bf4 44. Nxf3 Rd3 45. Rf5 Rxf3 46. b4 Rxh3 47.
Rxf4 Rb3 48. Ke2 Ke7 49. Kd2 Ke6 50. Kc2 Rh3 51. f3 Rh5 52. Rc4 Kd5 53. Kd3 Rh1
54. Rc7 a6 55. Rh7 Kc6 56. Re7 Kb5 57. Re4 Rf1 58. f4 h5 59. Ke2 Rg1 60. f5 Rg8
61. f6 Rf8 62. Re6 h4 63. Kf3 Rf7 64. Kg4 Rb7 65. Re7 Rb8 66. Re4 Ka4 67. Kxh4
b5 68. Kg5 a5 69. f7 Rf8 70. bxa5+ Kxa5 71. Kf6 b4 72. Re8 Rxf7+ 73. Kxf7 Kb5
74. Rc8 b3 75. Ke6 Kb4 76. Kd5 b2 77. Kd4 Kb3 78. Rb8+ Kc2 79. Rxb2+ 1/2-1/2